MASHI and other stories/ (Record no. 215804)

MARC details
000 -LEADER
fixed length control field 00562nam a22002057a 4500
005 - DATE AND TIME OF LATEST TRANSACTION
control field 20260327155105.0
010 ## - LCCN (DPL NO)
LC control number ENG-148000
020 ## - INTERNATIONAL STANDARD BOOK NUMBER
International Standard Book Number 9789375743118
Terms of availability 495.00
035 ## - SYSTEM CONTROL NUMBER
System control number EN-131532
037 ## - SOURCE OF ACQUISITION
Source of stock number/acquisition DBAD
082 ## - DEWEY DECIMAL CLASSIFICATION NUMBER
Classification number S
Edition number 1
100 ## - MAIN ENTRY--PERSONAL NAME
Personal name Tagore ,Rabindranath.
245 ## - TITLE STATEMENT
Title MASHI and other stories/
Statement of responsibility, etc Rabindranath Tagore.
250 ## - EDITION STATEMENT
Edition statement 1
260 ## - PUBLICATION, DISTRIBUTION, ETC. (IMPRINT)
Place of publication, distribution, etc Harphool Vihar.
Name of publisher, distributor, etc BARKHA PUBLICATION.
Date of publication, distribution, etc 2025
270 ## - ADDRESS
Address 111,Street No-4,Bapraula.
City NEW DELHI-110043
300 ## - PHYSICAL DESCRIPTION
Extent 160.pg.
Dimensions 21cm(pb)
700 ## - ADDED ENTRY--PERSONAL NAME
9 (RLIN) 88786
942 ## - ADDED ENTRY ELEMENTS (KOHA)
Source of classification or shelving scheme Dewey Decimal Classification
Item type English Books
Classification part S
Call number suffix TAG
Edition 1
Holdings
Withdrawn status Lost status Not for loan Collection code Home library Current library Date acquired Source of acquisition Cost, normal purchase price Full call number Barcode Copy number Cost, replacement price Koha item type
    Not For Loan Fiction D.B.Act.Division D.B.Act.Division 27/03/2026 DBAD 495.00 S TAG EN-131532 1 495.00 English Books

© Delhi Public Library
Hit Counter
free hit counter